| 000 | 00686nam a2200217 i 4500 | ||
|---|---|---|---|
| 001 | 188769 | ||
| 003 | ES-MaACL | ||
| 005 | 20230906223310.0 | ||
| 007 | t| | ||
| 008 | 190213s1971 sp ||||1| spa d | ||
| 245 | 0 | 0 |
_aGuarderías infantiles / _c[por] Davidson... [et al.] ; [versión del francés por Salvador Cabré]. |
| 260 |
_aBarcelona : _bNova Terra, _c[1971] |
||
| 300 |
_a204 p. ; _c20 cm. |
||
| 490 | 1 |
_aColección "Navidad" ; _v41 |
|
| 650 | 4 |
_aGuarderías. _9166228 |
|
| 700 | 1 |
_aDavidson, Françoise. _9193169 |
|
| 700 | 0 |
_aCabré, Salvador. _933264 |
|
| 830 | 0 |
_aColección "Navidad" ; _v41 _9181795 |
|
| 852 |
_aES-MaACL _jP-474-Ter-39 |
||
| 999 |
_c188769 _d188769 |
||